000
00207 a2200097 4500
001
43381
100
_a
Dean
245
_a
Elizabethan drama
260
_a
New Jersey
_b
Prentice-Hall
_c
090
_c
27212
_d
27212
942
_a
NUST-CAE
_c
M
_c
19128
999
_c
278454
_d
278454